02333nam a22003017a 4500952010800000952010800108952010800216999001700324008004100341020001800382050001600400100004000416245009300456260003900549300005700588490001800645500004100663504002900704505080300733519009701536519011101633519009001744519007901834650003301913650003801946700004001984942000702024 00102lcc4070a04b04d2013-08-23l3oQH540 C36p05 001427r2023-06-15s2015-06-09t1w2013-08-23yLB 00102lcc4070a04b04d2013-08-23l2oQH540 C36p05 001428r2023-06-15s2014-10-22t2w2013-08-23yLB 00102lcc4070a04b04d2013-08-23l6oQH540 C36p05 001429r2024-11-28s2024-11-13t3w2013-08-23yLB c90636d90636130823s2011 mx a 001 0 spa d a9786075080239 4aQH540 bC361 aCamacho Anguiano, Iván e, autor 10aEcología y medio ambientec / Ivan Camacho Anguiano ; ilistraciones Andrés Ramírez aMéxicob : ST editorial c, 2011 a151 páginas b : ilustraciones a color c ; 28 cm.0 aBachillerato  aEn portada: Desarrolla Competencias  aBibliografía (p. 151)  aAplica los conocimientos básicos de ecología Reconoce los conceptos de ecología y educación ambiental y establece la diferencia entre ellos Conoce y describe los factores bióticos y abióticos del ambiente Identifica los principales problemas ecológicos para actuar con propuestas de solución Conoce el concepto de impacto ambiental Señala las causas y los efectos del deterioro ambiental Ubica las principales áreas protegidas por el país Conoce la legislación ambiental mexicana Conoce el concepto de desarrollo sustentable Elabora proyectos de educación ambiental en su entorno social Reconoce los impactos ambientales de su localidad Reconoce la contaminación atmosférica en aguas, en suelo, por ruido y visual Reconoce el concepto de energías limpias  aPlan UNAM / bPreparatoria Quinto Año / cBiología IV (1502) / d(05 001427 ; 05 001428) aPlan UNAM / bPreparatoria Sexto Año / cTemas Selectos de Biología - Área II (1711) / d(05 001429) aPlan UNAM / bCCH Tercer Semestre / cBiología I (1303) / d(05 001427 ; 05 001428) aPlan UNAM / bCCH Cuarto Semestre / cBiología II (1403) / d(05 001429) 4aECOLOGÍA xMEDIO AMBIENTE  4aMEDIO AMBIENTE xCONTAMINACIÓN 1 aRamírez, Andrés e, ilustrador  cLB